Aktualizácia k zákonom I/2000 zákon o daniach z príjmov

Salvato in:
Dettagli Bibliografici
Natura: Libro
Lingua:slovacco
Pubblicazione: Žilina PORADCA [2000]
Serie:Aktualizácia I/4
Tags: Aggiungi Tag
Nessun Tag, puoi essere il primo ad aggiungerne!!

MARC

LEADER 00000nam a2200000 4500
001 c123639
005 20250617074215.8
022 |a 1335-6127 
041 0 |a slo 
044 |a SK 
245 1 0 |a Aktualizácia k zákonom I/2000  |b zákon o daniach z príjmov 
264 1 |a Žilina  |b PORADCA  |c [2000] 
300 |a 63 s. 
490 1 |a Aktualizácia  |v I/4 
830 0 |a Aktualizácia  |v I/4